Statistics for Diseases Eliminated from the US

Click here to take the quiz!

General Stats

  • This quiz has been taken 236 times
    (232 since last reset)
  • The average score is 4 of 7

Answer Stats

Last EndemicLast ImportedDisease% Correct
19341949Smallpox
89%
1979Polio
86%
20002017Measles
64%
19512016Malaria
45%
2012Rubella
42%
19051996Yellow fever
33%
2012Diphtheria
22%

Score Distribution

Percentile by Number Answered

Percent of People with Each Score

Your Score History

You have not taken this quiz since the last reset